Statistiques concernant Personnalités politiques dans Fiscal Kombat

Cliquez ici pour prendre le quiz!

Statistiques générales

  • Ce quiz a été pris 110 fois
  • Le résultat moyen est 3 sur 9

Statistiques - réponses

Personnalités% Correct
Emmanuel Macron
85%
Jean-Luc Mélenchon
83%
Nicolas Sarkozy
65%
François Fillon
50%
Patrick Balkany
17%
Jérôme Cahuzac
16%
Christine Lagarde
11%
Pierre Gattaz
9%
Liliane Bettencourt
4%

Distribution des résultats

Percentile par nombre de réponses

% des personnes avec chaque résultat

Votre développement - résultats

Vous n’avez pas pris ce quiz